Suomalaisurheilua H-kirjaimella - Statistics

Yleistilastot
  • Tätä visaa on pelattu 40 kertaa
  • Keskiarvotulos 6 / 14
Vastaustilastot
Vihje Vastaus % Oikein
Voikkaa -> Liverpool Sami Hyypiä
80%
Pinkki huivi päässä kaksi arvokisamitalia Arsi Harju
70%
Yhdistetyn hallitsija 1948-1952 Heikki Hasu
63%
Kaksinkertainen maailmanmestari, 20 osakilpailuvoittoa Mika Häkkinen
60%
"Lauo _____ lauo!" Raimo Helminen
53%
6 arvokisakultaa js 14 mitalia päälajissaan, yksi mitali myös ampumahiihdossa Veikko Hakulinen
47%
Yllätysmestari Münchenissä Janne Holmén
43%
Kolme arvokisamitalia ja ennätyskin 22,09 Mika Halvari
43%
Ruotsi-otteluiden sankari ratakierroksella Voitto Hellsten
40%
Hymyilemätön moninkertainen arvokisamitalisti, kuusi peräkkäistä osakilpailuvoittoa Matti Hautamäki
30%
Ehkä paras koripalloilijamme 1980-2000 Lea Hakala
23%
Otteli kultaa Helsingissä 1952 Pentti Hämäläinen
20%
13 arvokisamitalia, joista yksi olympialaisissa. Kuudet olympialaiset. Juha Hirvi
17%
513ot. 288+462=750 Matti Hagman
13%
Ehtoja vastaavia visoja ei löytynyt
Tulosjakauma
Jokaisen tuloksen saaneiden osuus
Persentiili vastausten määrän mukaan
Tuloshistoriasi
Et ole pelannut tätä visaa